| 000 | 00338nam a2200133Ia 4500 | ||
|---|---|---|---|
| 008 | 210210b1997 xxu||||| |||| 00| 0 eng d | ||
| 082 | _a001.64 MART | ||
| 100 | _aMARIADOSS (S A). | ||
| 245 | _aText book of computer science. II PUC. | ||
| 260 |
_aBangalore _b _c1997 |
||
| 300 | _avi,233 | ||
| 690 | _aComputer Science | ||
| 906 | _a052227 | ||
| 999 |
_c100612 _d100612 |
||